000 00825nam a22002412 4500
001 14565
003 BD-RjUL
005 20211208235642.0
008 140206m19651911enka 000 0 eng c
035 _a(BD-RjUL)14618
040 _aUniv. of Calif.
_cSER
_dEQO
_dBD-RjUL
_beng
041 _aeng
082 _a620.1
_bMOE
100 1 _aMorley, Arthur,
_d1876-1962.
_945412
245 1 0 _aElementary applied mechanics /
_cby Arthur Morley ... and William Inchley ... including 285 diagrams and numerous examples.
260 _aLondon ;
_aNew York [etc.] :
_bLongmans, Green, and Co.,
_c1911 [impression 1965]
300 _aviii, 382 p. :
_bdiagrs. ;
_c19 cm.
504 _aIncludes index.
650 0 _aMechanical engineering.
_945413
700 1 _aInchley, William,
_dd. 1915.
_942825
942 _2ddc
_cBK
999 _c14565
_d14565